LEADER 01442nas 2200409 c 450 001 9910891602803321 005 20260218112204.0 035 $a(DE-599)ZDB3106076-6 035 $a(OCoLC)1292474580 035 $a(DE-101)1249514835 035 $a(CKB)4910000000547737 035 $a(DE-599)3106076-6 035 $a(EXLCZ)994910000000547737 100 $a20220114a20169999 |y | 101 0 $arus 135 $aur||||||||||| 181 $ctxt$2rdacontent 182 $cc$2rdamedia 183 $acr$2rdacarrier 200 00$aGumanitarnye issledovanija Central?noj Rossii$enauc?nyj z?urnal$fLipeckij gosudarstvennyj pedagogic?eskij universitet imeni P.P. Semenova-Tjan-S?anskogo = Humanities researches of the Central Russia : scholarly journal / Lipetsk State Pedagogical P. Semenov-Tyan-Shansky University 210 31$aLipeck$cLipeckij gosudarstvennyj pedagogic?eskij universitet imeni P.P. Semenova-Tjan-S?anskogo$d[2016]- 215 $aOnline-Ressource 300 $aRefereed/Peer-reviewed 311 08$a2541-9056 608 $aZeitschrift$2gnd-content 676 $a940 676 $a300 676 $a370 686 $aOST$qDE-12$2fid 712 02$aLipeckij Gosudarstvennyj Pedagogic?eskij Universitet$4isb 801 0$b0012 801 1$bDE-101 801 2$b9999 906 $aJOURNAL 912 $a9910891602803321 996 $aGumanitarnye issledovanija Central?noj Rossii$94439662 997 $aUNINA